| 000 | 00975nam a2200241 a 4500 | ||
|---|---|---|---|
| 001 | 65305 | ||
| 003 | BD-RjUL | ||
| 005 | 20211209081416.0 | ||
| 008 | 170304s1956 ii |||| |||| 00| 0 ben d | ||
| 020 | _cTk. 2.75 | ||
| 035 | _a(BD-RjUL)65435 | ||
| 040 |
_aBD-RjUL _bben _cBD-RjUL _dBD-RjUL |
||
| 041 | _aben | ||
| 082 |
_223 _a822.33 _bSHM 1956 |
||
| 100 |
_aশেকসপীয়র, উইলিয়ম _9193289 |
||
| 245 |
_aদি মার্চেন্ট অফ ভেনিস / _cউইলিয়ম শেকসপীয়র |
||
| 260 |
_aকলকাতা : _bবঙ্গীয় শেক্সপীয়র পরিষদ, _c১৯৫৬ |
||
| 300 |
_a১১৬ পৃ. ; _c১৮ সেমি. |
||
| 650 |
_aইংলিশ সাহিত্য _vঅনুবাদ _9182973 |
||
| 650 |
_aEnglish literature _vTranslation _9193290 |
||
| 700 |
_aচট্টোপাধ্যায়, সুনীলকুমার _9193291 |
||
| 942 |
_2ddc _cBK |
||
| 999 |
_c65305 _d65305 |
||